000 00956nam a2200229 i 4500
001 64766
003 ES-MaACL
005 20250805055204.0
007 t|
008 040105s1914 sp ||||1| spa d
100 1 _aForonda y Aguilera, Manuel de.
_951803
245 1 0 _aEstancias y viajes del embajador Carlos V desde el día de su nacimiento hasta el de su muerte
_b: comprobados y corroborados con documentos originales... /
_cManuel de Foronda y Aguilera ; [prólogo: el autor y el espíritu de esta obra por Juan Pérez de Guzmán y Gallo].
260 _aMadrid :
_b[s.n.],
_c1914 (
_fSucesores de Rivadeneyra)
300 _aXLIV, 714 p. ;
_c34 cm.
500 _aEjemplar nº 439.
500 _aCon grabs. intercs.
600 0 4 _aCarlos
_bI,
_cRey de España-
_xViajes
_935302
700 1 _aPérez de Guzmán y Gallo, Juan,
_d1841-1928
_990777
852 _aES-MaACL
_jArmario 18
_dOlim: C-625
942 _2udc
999 _c64766
_d64766